Zahraničný obchod medzi EÚ a krajinami SNŠ
Analýza vývoja zahraničného obchodu EÚ s krajinami SNŠ prostredníctvom vývoja zahraničného obchodu v rámci organizačného zoskupenia SNŠ. Hlavné komodity vzájomného obchodovania EÚ s týmito krajinami.
Gespeichert in:
| 1. Verfasser: | |
|---|---|
| Format: | Buchkapitel |
| Sprache: | Slowakisch |
| Schlagworte: | |
| Tags: |
Keine Tags, Fügen Sie das erste Tag hinzu!
|
MARC
| LEADER | 00000nla$a2200000$$$4500 | ||
|---|---|---|---|
| 001 | 0120688 | ||
| 005 | 20240711110132.2 | ||
| 041 | 0 | |a slo | |
| 044 | |a SK | ||
| 245 | 1 | 0 | |a Zahraničný obchod medzi EÚ a krajinami SNŠ |c Elena Kašťáková |
| 520 | |a Analýza vývoja zahraničného obchodu EÚ s krajinami SNŠ prostredníctvom vývoja zahraničného obchodu v rámci organizačného zoskupenia SNŠ. Hlavné komodity vzájomného obchodovania EÚ s týmito krajinami. | ||
| 610 | 2 | 0 | |a obchod zahraničný |
| 610 | 2 | 0 | |a Európska únia |
| 610 | 2 | 0 | |a Spoločenstvo nezávislých štátov |
| 610 | 2 | 0 | |a komodity |
| 100 | 1 | |a Kašťáková, Elena, 1974- | |